01382nam a2200349 i 4500001000700000003000900007005001700016008004100033016003100074017004800105020001500153035002100168035002700189040002900216080001300245080001900258100004500277245010900322260003700431300002900468336002200497337003000519338002400549490005400573650004200627650004500669852010300714903004300817942001800860999001900878952013500897197774ES-MaACL20250904063114.0250801s2001 sp | ||| ||spa 7 abimoBNE200104831062SpMaBN aM 606-2001bOficina Depósito Legal Madrid a8436815416 a(OCoLC)434045553 a(SpMaBN)bimo0001678706 aSpMaBNbspacSpMaBNerdc a37.064.3 a364.271-057.871 aCerezo Ramírez, Fuensanta9241510eaut13aLa violencia en las aulas : banálisis y propuestas de intervención / cFuensanta Cerezo Ramírez.  aMadrid : bPirámide, c[2001]. a165 páginas ; c20 cm. 2rdacontentatexto 2rdamediaasin mediación 2rdacarrieravolumen1 aColección "Ojos solares". Sección Tratamiento 4aViolencia en la escuela2embne917820 0aAcoso moral en la escuela2embne9237672 aES-MaACLcDEPOJjN-10640hDonación: José Lázaro GarcíaxEncuadernación rústica9206763 9234219aLázaro García, Joséednr n0cMONOGRAFIA c197774d197774 00102udc4070aATENEOMbATENEOMcDEPOJd2025-09-02eDONACIONl0oN-10640p2025-1139r2025-09-02 00:00:00w2025-09-02yMONOGRAFIA